Score 0/50 Timer 03:00
0 Plays Today
Misspelled State Correctly Spelled State % Correct
Knew YorckNew York
72.5%
TeckssisTexas
72.5%
Knorth DuhcoatuhNorth Dakota
71.4%
IohwuhIowa
71.2%
OhyohOhio
70.8%
OarygoneOregon
70.8%
IduhhoIdaho
70.6%
Knew HammpshureNew Hampshire
70.6%
AirasonnaArizona
70.4%
AllabamnuhAlabama
70.4%
Knew MexuhkoNew Mexico
70.4%
MonntanuhMontana
70.3%
JorjaGeorgia
70.1%
MairilindMaryland
69.9%
Knew GurzeyNew Jersey
69.7%
WassheengtenWashington
69.5%
CanzissKansas
69.5%
MaynnMaine
69.3%
WhyomeenWyoming
69.3%
Sauth KarohlynaSouth Carolina
69%
VurrmonntVermont
68.8%
ArkinsawsArkansas
68.6%
KintukeeKentucky
68.4%
Wesst VerjinyaWest Virginia
68.4%
WisskonssenWisconsin
68.2%
Misspelled State Correctly Spelled State % Correct
Sauth DuhcoatuhSouth Dakota
68%
Knorth KarohlynaNorth Carolina
67.8%
MizuryMissouri
67.8%
MisuhsipyMississippi
67.8%
NuhbrasckuhNebraska
67.7%
DelluhwhereDelaware
67.7%
InndyannaIndiana
67.5%
OaklahomuhOklahoma
67.5%
VerjinyaVirginia
67.1%
KalorodohColorado
67.1%
YoutaUtah
66.7%
TenaseaTennessee
66.2%
HuhwhyeeHawaii
66.2%
Rowd IlindRhode Island
66.2%
PencilveinyaPennsylvania
66%
ElanoizIllinois
65.8%
MisheginMichigan
65.8%
KallaphornyaCalifornia
65.2%
LooyzyannuhLouisiana
65.1%
PhlooraduhFlorida
64.3%
MinasohttaMinnesota
64.3%
UhlasckuhAlaska
64.1%
KnuvaduhNevada
63.4%
KunetykitConnecticut
62.5%
MasachoositsMassachusetts
62.1%
Come Together.
Have Fun.
All Virtual.
We all need to come together. Play Sporcle's virtual live trivia to have fun, connect with people, and get your trivia on. Join a live hosted trivia game for your favorite pub trivia experience done virtually. If a virtual private party is more your thing, go here for details.

You're not logged in!

Compare scores with friends on all Sporcle quizzes.
OR
Log In

Sporcle TV

Today on Sporcle TV


Watch our educational content, quiz creation guides, and fun videos on Sporcle TV.

Show Comments

Extras

Created Jun 27, 2011ReportNominate
Tags:State Quiz, Misspelled, Spelled

Top Quizzes Today


Score Distribution

Paid Content

Your Account Isn't Verified!

In order to create a playlist on Sporcle, you need to verify the email address you used during registration. Go to your Sporcle Settings to finish the process.

Report this User

Report this user for behavior that violates our Community Guidelines.

Details: